[Event "Montcalm VI 2005-06"]
[Site "Quebec CAN"]
[Date "2006.03.30"]
[Round "2"]
[White "Marquardt, Christian"]
[Black "Berube, Antoine"]
[Result "1/2-1/2"]
[WhiteElo "2036"]
[BlackElo "2238"]
[PlyCount "96"]
[EventDate "2006.03.23"]
[EventType "tourn"]
[EventRounds "5"]
[EventCountry "CAN"]

1. Nf3 d5 2. d4 Nf6 3. c4 c6 4. e3 e6 5. Nc3 Nbd7 6. Qc2 Bd6 7. b3 O-O 8. Be2
Re8 9. O-O dxc4 10. Bxc4 h6 11. Rd1 Qe7 12. Bb2 e5 13. Ne4 Nxe4 14. Qxe4 Nf6
15. Qh4 exd4 16. Bxd4 Ne4 17. Qxe7 Bxe7 18. Ne5 Nd6 19. Be2 Nf5 20. Bb2 Be6 21.
Nc4 Rad8 22. Na5 Bc8 23. Bg4 Rxd1+ 24. Bxd1 Bb4 25. Nc4 Be6 26. Be2 Rd8 27. Rd1
Rxd1+ 28. Bxd1 Bxc4 29. bxc4 Nd6 30. Be2 f6 31. Bd3 Kf7 32. Kf1 Ke6 33. Ke2 Ne8
34. Bd4 a6 35. Bb6 Nd6 36. g4 Ke7 37. h4 Nf7 38. Bd4 Bd6 39. Bf5 c5 40. Bb2 Be5
41. Ba3 b6 42. Bc8 a5 43. Bb7 Ba1 44. f4 Kd6 45. Kd3 Nd8 46. Be4 g5 47. hxg5
hxg5 48. Bc1 Ne6 1/2-1/2

[Event "Montcalm VI 2005-06"]
[Site "Quebec CAN"]
[Date "2006.04.06"]
[Round "3"]
[White "Auger, Bertrand"]
[Black "Angers, Gilles"]
[Result "1/2-1/2"]
[WhiteElo "2018"]
[BlackElo "1951"]
[PlyCount "30"]
[EventDate "2006.03.23"]
[EventType "tourn"]
[EventRounds "5"]
[EventCountry "CAN"]

1. d4 Nf6 2. Nf3 c5 3. g3 g6 4. Bg2 Bg7 5. O-O cxd4 6. Nxd4 Nc6 7. c4 Nxd4 8.
Qxd4 O-O 9. Nc3 d6 10. Rd1 a6 11. Qh4 Qc7 12. Bg5 Be6 13. Nd5 Bxd5 14. cxd5 Qa5
15. e4 Rac8 1/2-1/2

[Event "Montcalm VI 2005-06"]
[Site "Quebec CAN"]
[Date "2006.04.06"]
[Round "3"]
[White "Berube, Antoine"]
[Black "Lessard, Claude"]
[Result "1/2-1/2"]
[WhiteElo "2238"]
[BlackElo "2034"]
[PlyCount "129"]
[EventDate "2006.03.23"]
[EventType "tourn"]
[EventRounds "5"]
[EventCountry "CAN"]

1. e4 c5 2. Nf3 Nc6 3. d4 cxd4 4. Nxd4 Nf6 5. Nc3 d6 6. Bg5 e6 7. Qd2 Be7 8.
O-O-O a6 9. f4 Qc7 10. Kb1 Bd7 11. Nb3 Rc8 12. g4 b5 13. Bxf6 gxf6 14. Bd3 Nb4
15. Nxb5 Bxb5 16. Qxb4 Bxd3 17. cxd3 d5 18. Qa4+ Qc6 19. Qxc6+ Rxc6 20. exd5
exd5 21. Nd4 Rb6 22. Rc1 Kd7 23. Nf5 Ba3 24. Rc2 Rhb8 25. b3 a5 26. Ne3 Rb5 27.
Nf1 Re8 28. Nd2 Rb4 29. Rc5 Rd4 30. Rxa5 Bb4 31. Ra7+ Kd6 32. Nf3 Rxd3 33. Nh4
d4 34. Rb7 Bc3 35. Nf5+ Kc6 36. Re7 Rg8 37. h3 Ra8 38. Re2 Rf3 39. Rd1 Rxf4 40.
a4 Kc5 41. Kc2 h5 42. Ng3 hxg4 43. hxg4 Rxg4 44. Ne4+ Kb4 45. Rd3 f5 46. Nf6
Rg1 47. Nd5+ Ka3 48. Nxc3 dxc3 49. Rxc3 Ra1 50. Kd2 Rb1 51. Ree3 Rb2+ 52. Kc1
Rg2 53. Red3 Rg1+ 54. Rd1 Rg2 55. Rd2 Rg1+ 56. Kc2 Rg4 57. Rf2 Ra5 58. Kd2 Rd5+
59. Ke2 f4 60. Rh3 f5 61. Rhf3 Rd4 62. a5 Rd5 63. a6 Ra5 64. Rf1 Kb4 65. Rxf4+
1/2-1/2

[Event "Montcalm VI 2005-06"]
[Site "Quebec CAN"]
[Date "2006.04.06"]
[Round "3"]
[White "Bourassa, Andre"]
[Black "Hebert, Marc"]
[Result "1/2-1/2"]
[WhiteElo "1723"]
[BlackElo "1670"]
[PlyCount "37"]
[EventDate "2006.03.23"]
[EventType "tourn"]
[EventRounds "5"]
[EventCountry "CAN"]

1. d4 e6 2. c4 f5 3. Nf3 Nf6 4. Nc3 Be7 5. Qc2 d5 6. e3 c6 7. Bd2 O-O 8. Bd3
Na6 9. a3 Nc7 10. O-O Ne4 11. Ne5 Ne8 12. f3 N4d6 13. c5 Nf7 14. f4 Nf6 15. b4
Ne4 16. Nxf7 Rxf7 17. b5 Bd7 18. bxc6 Bxc6 19. Nxe4 1/2-1/2

[Event "Montcalm VI 2005-06"]
[Site "Quebec CAN"]
[Date "2006.04.06"]
[Round "3"]
[White "Dumont, Eric"]
[Black "Guay, Etienne"]
[Result "1/2-1/2"]
[WhiteElo "1645"]
[BlackElo "1543"]
[PlyCount "86"]
[EventDate "2006.03.23"]
[EventType "tourn"]
[EventRounds "5"]
[EventCountry "CAN"]

1. e4 e5 2. f4 Qh4+ 3. g3 Qe7 4. fxe5 d6 5. Nf3 Bg4 6. Bg2 dxe5 7. O-O Nc6 8.
c3 O-O-O 9. b4 h5 10. Qe1 g5 11. a4 f6 12. Ba3 Qe6 13. b5 Bxa3 14. Rxa3 Na5 15.
c4 Nxc4 16. Rc3 Nd6 17. d3 Ne7 18. Qc1 Rd7 19. Rf2 Ng6 20. Rfc2 Ne8 21. Nbd2 h4
22. Nf1 hxg3 23. Ne3 Bxf3 24. Bxf3 gxh2+ 25. Kh1 Rh4 26. Nf5 Rf4 27. Bh5 Qg8
28. a5 Rxf5 29. exf5 Qd5+ 30. Kxh2 Nf4 31. Bg4 Rh7+ 32. Kg3 Qxb5 33. Qa3 Qd7
34. Qc5 Qd4 35. Qxd4 exd4 36. Rc4 Rd7 37. a6 b6 38. Rh2 c5 39. Rh8 Re7 40. Rc2
Re3+ 41. Bf3 Nxd3 42. Re2 Kd7 43. Rh7+ Kc8 1/2-1/2

[Event "Montcalm VI 2005-06"]
[Site "Quebec CAN"]
[Date "2006.04.06"]
[Round "3"]
[White "L'Heureux, Clement"]
[Black "Dion, Jean-Francois"]
[Result "1-0"]
[WhiteElo "1930"]
[BlackElo "1909"]
[PlyCount "59"]
[EventDate "2006.03.23"]
[EventType "tourn"]
[EventRounds "5"]
[EventCountry "CAN"]

1. d4 Nf6 2. Nc3 g6 3. Bg5 Bg7 4. Qd2 d6 5. O-O-O c6 6. f3 O-O 7. h4 Nbd7 8. g4
Qc7 9. h5 e5 10. Bh6 Rd8 11. Bxg7 Kxg7 12. hxg6 fxg6 13. Qh6+ Kg8 14. Nh3 Nf8
15. dxe5 dxe5 16. Rxd8 Qxd8 17. e3 Be6 18. Ng5 Qd7 19. Bd3 Qg7 20. Qh2 Nd5 21.
Nxe6 Nxe6 22. Bc4 Rd8 23. Rd1 Kf8 24. Nxd5 cxd5 25. Bxd5 Nc5 26. f4 e4 27. Qd2
b6 28. g5 Qc7 29. Qd4 Nd3+ 30. Rxd3 1-0

[Event "Montcalm VI 2005-06"]
[Site "Quebec CAN"]
[Date "2006.04.06"]
[Round "3"]
[White "Lapierre, Gaetan"]
[Black "Caron, Sebastien"]
[Result "1-0"]
[WhiteElo "1796"]
[BlackElo "1917"]
[PlyCount "97"]
[EventDate "2006.03.23"]
[EventType "tourn"]
[EventRounds "5"]
[EventCountry "CAN"]

1. e4 e5 2. Nf3 Nc6 3. Bb5 a6 4. Bxc6 dxc6 5. d4 exd4 6. Qxd4 Bg4 7. Qxd8+ Rxd8
8. Nbd2 Nf6 9. O-O Bc5 10. h3 Bxf3 11. gxf3 Nh5 12. Nb3 Bb6 13. Be3 O-O 14. c4
Bxe3 15. fxe3 b6 16. Rad1 c5 17. Kf2 c6 18. Rg1 a5 19. Rxd8 Rxd8 20. Ke2 f6 21.
e5 Re8 22. exf6 Nxf6 23. Rd1 a4 24. Nc1 Kf7 25. Rd6 Re6 26. Rd8 Re8 27. Rxe8
Nxe8 28. Kd3 Kf6 29. f4 g5 30. Ne2 Nd6 31. Ng3 gxf4 32. exf4 h6 33. Ne4+ Nxe4
34. Kxe4 b5 35. b3 axb3 36. axb3 Ke6 37. f5+ Kd7 38. Ke5 bxc4 39. bxc4 Ke7 40.
f6+ Kf7 41. Kf5 h5 42. h4 Kg8 43. Kg6 Kh8 44. Kf7 Kh7 45. Ke7 Kg8 46. f7+ Kg7
47. f8=Q+ Kh7 48. Qf5+ Kh6 49. Qxc5 1-0

[Event "Montcalm VI 2005-06"]
[Site "Quebec CAN"]
[Date "2006.04.06"]
[Round "3"]
[White "Sauve, Richard"]
[Black "Marquardt, Christian"]
[Result "1-0"]
[WhiteElo "1939"]
[BlackElo "2036"]
[PlyCount "101"]
[EventDate "2006.03.23"]
[EventType "tourn"]
[EventRounds "5"]
[EventCountry "CAN"]

1. d4 Nf6 2. c4 c6 3. Nc3 d5 4. e3 e6 5. Nf3 Nbd7 6. Qc2 Bd6 7. b3 O-O 8. Be2
Re8 9. O-O b6 10. Rd1 Bb7 11. Bb2 Qe7 12. Rac1 Rac8 13. Qb1 Bb8 14. cxd5 exd5
15. Qf5 Qd6 16. g3 Rcd8 17. Bf1 Bc8 18. Qc2 Qe6 19. Bg2 h6 20. Ne2 Bb7 21. Nf4
Bxf4 22. gxf4 Ne4 23. Ne5 Nb8 24. Qe2 Nd6 25. Qh5 Qf5 26. Qxf5 Nxf5 27. Rc2 f6
28. Nd3 a5 29. Ba3 Bc8 30. Rc3 Nh4 31. Bf1 Bg4 32. Rdc1 Nf3+ 33. Kg2 Nd2 34.
Kg3 Bf5 35. Bg2 Ne4+ 36. Bxe4 Bxe4 37. b4 c5 38. bxc5 b5 39. Rb3 b4 40. Bxb4
axb4 41. Nxb4 Re7 42. a4 Bf5 43. a5 Bc8 44. Nxd5 Rb7 45. Rxb7 Bxb7 46. Nb4 Na6
47. c6 Bc8 48. c7 Re8 49. Nxa6 Bxa6 50. Rc6 Bc8 51. a6 1-0

[Event "Montcalm VI 2005-06"]
[Site "Quebec CAN"]
[Date "2006.04.13"]
[Round "4"]
[White "Berube, Antoine"]
[Black "Sauve, Richard"]
[Result "0-1"]
[WhiteElo "2238"]
[BlackElo "1939"]
[PlyCount "40"]
[EventDate "2006.03.23"]
[EventType "tourn"]
[EventRounds "5"]
[EventCountry "CAN"]

1. d4 e6 2. c4 Nf6 3. Nc3 Bb4 4. Nf3 b6 5. Bg5 Bb7 6. Nd2 Bxc3 7. bxc3 h6 8.
Bh4 g5 9. Bg3 d6 10. f3 Qe7 11. e4 Nbd7 12. Bd3 Nh5 13. Nf1 O-O-O 14. Kd2 f5
15. exf5 exf5 16. Qb3 f4 17. Bf2 Rde8 18. Re1 a5 19. c5 dxc5 20. c4 c6 0-1

[Event "Montcalm VI 2005-06"]
[Site "Quebec CAN"]
[Date "2006.04.13"]
[Round "4"]
[White "Bourassa, Andre"]
[Black "Bender, Karl"]
[Result "1-0"]
[WhiteElo "1723"]
[BlackElo "1584"]
[PlyCount "109"]
[EventDate "2006.03.23"]
[EventType "tourn"]
[EventRounds "5"]
[EventCountry "CAN"]

1. d4 d5 2. c4 c6 3. Nf3 Nf6 4. Bg5 Ne4 5. cxd5 Nxg5 6. Nxg5 Qxd5 7. Nf3 g6 8.
Nc3 Qa5 9. e3 Bg7 10. Nd2 Qb4 11. Qc1 Be6 12. a3 Qb6 13. Nc4 Bxc4 14. Bxc4 Nd7
15. O-O O-O 16. b4 e5 17. d5 cxd5 18. Nxd5 Qd8 19. Qc2 Rc8 20. Qb3 Qh4 21. Rac1
Kh8 22. g3 Qd8 23. Rfd1 Nb6 24. Nxb6 Qxb6 25. Bxf7 Qf6 26. Rxc8 Rxc8 27. Qe6
Rf8 28. Qxf6 Bxf6 29. Rd7 Rb8 30. Bd5 Rd8 31. Rxd8+ Bxd8 32. Bxb7 Kg7 33. h4
Kf6 34. Kg2 Be7 35. Kf3 h6 36. Ke4 Ke6 37. Bd5+ Kd6 38. Bf7 g5 39. hxg5 Bxg5
40. Kf5 Ke7 41. Bc4 Kd6 42. Kg6 Kc6 43. f4 exf4 44. exf4 Be7 45. Kxh6 a5 46.
bxa5 Bxa3 47. f5 Kc5 48. Be2 Kd5 49. Kg6 Ke5 50. f6 Bc5 51. Bc4 Kd4 52. Ba2 Ke4
53. g4 Kd4 54. Kg7 Ke4 55. f7 1-0

[Event "Montcalm VI 2005-06"]
[Site "Quebec CAN"]
[Date "2006.04.13"]
[Round "4"]
[White "Caron, Sebastien"]
[Black "Perreault, Jacquelin"]
[Result "1-0"]
[WhiteElo "1917"]
[BlackElo "1812"]
[PlyCount "50"]
[EventDate "2006.03.23"]
[EventType "tourn"]
[EventRounds "5"]
[EventCountry "CAN"]

1. e4 c5 2. Nf3 d6 3. d4 cxd4 4. Nxd4 Nf6 5. Nc3 a6 6. Be2 e5 7. Nb3 Be6 8. Be3
d5 9. exd5 Nxd5 10. Nxd5 Qxd5 11. Bf3 e4 12. Qxd5 Bxd5 13. Bg4 g6 14. Rd1 f5
15. Bd4 Rg8 16. Be2 Bh6 17. h4 Nc6 18. Bc5 Rd8 19. O-O Rg7 20. Bc4 Ne5 21. Bd6
Bg8 22. Ba3 a5 23. h5 a4 24. hxg6 Bd5 25. Rb1 b5 1-0

[Event "Montcalm VI 2005-06"]
[Site "Quebec CAN"]
[Date "2006.04.13"]
[Round "4"]
[White "Dion, Jean-Francois"]
[Black "Cummins, Paul"]
[Result "1-0"]
[WhiteElo "1909"]
[BlackElo "1782"]
[PlyCount "69"]
[EventDate "2006.03.23"]
[EventType "tourn"]
[EventRounds "5"]
[EventCountry "CAN"]

1. d4 d5 2. Nf3 Nf6 3. Bf4 e6 4. e3 c5 5. c3 Qb6 6. Qb3 Nc6 7. Qxb6 axb6 8. Na3
Be7 9. Bc7 Nd7 10. Nb5 O-O 11. Bd3 c4 12. Bc2 Ncb8 13. O-O Na6 14. Bf4 Nf6 15.
h3 Bd7 16. a4 Nb8 17. Nc7 Ra5 18. Ne5 Bc6 19. e4 Nbd7 20. Nxd7 Nxd7 21. exd5
exd5 22. Rfe1 Bf6 23. b4 cxb3 24. Bxb3 Nc5 25. dxc5 Bxc3 26. cxb6 Bxa1 27. Rxa1
Rd8 28. Bd2 Rc5 29. Bb4 Rc4 30. Bxc4 dxc4 31. Rc1 Bxa4 32. Rxc4 h6 33. Bc5 Bb3
34. Rd4 Rc8 35. Kf1 1-0

[Event "Montcalm VI 2005-06"]
[Site "Quebec CAN"]
[Date "2006.04.13"]
[Round "4"]
[White "Gagnon, Alain"]
[Black "Dumont, Eric"]
[Result "1-0"]
[WhiteElo "1670"]
[BlackElo "1645"]
[PlyCount "39"]
[EventDate "2006.03.23"]
[EventType "tourn"]
[EventRounds "5"]
[EventCountry "CAN"]

1. d4 f5 2. g3 Nf6 3. Bg2 g6 4. c4 Bg7 5. Nc3 O-O 6. e4 fxe4 7. Nxe4 c6 8. Ne2
d6 9. O-O Bg4 10. Nxf6+ Rxf6 11. h3 Bd7 12. d5 Qc8 13. Bg5 Rf7 14. Qb3 Bxh3 15.
Bxh3 Qxh3 16. Qxb7 Qg4 17. Qxa8 Qxe2 18. Qxb8+ Rf8 19. Qxa7 Qxb2 20. Rab1 1-0

[Event "Montcalm VI 2005-06"]
[Site "Quebec CAN"]
[Date "2006.04.13"]
[Round "4"]
[White "L'Heureux, Clement"]
[Black "Lapierre, Gaetan"]
[Result "0-1"]
[WhiteElo "1930"]
[BlackElo "1796"]
[PlyCount "48"]
[EventDate "2006.03.23"]
[EventType "tourn"]
[EventRounds "5"]
[EventCountry "CAN"]

1. d4 c6 2. Nc3 d5 3. Bg5 h6 4. Bh4 Bf5 5. e3 Nd7 6. Bd3 Bxd3 7. Qxd3 Ngf6 8.
f4 Qa5 9. Nge2 e6 10. O-O Bd6 11. a3 O-O-O 12. Bg3 Nh5 13. e4 Nxg3 14. Nxg3
dxe4 15. Ncxe4 Be7 16. b4 Qc7 17. Ne2 f5 18. Nc5 Nxc5 19. bxc5 Bxc5 20. Qc4 Qd7
21. c3 g6 22. Rfe1 Bxd4+ 23. Nxd4 b5 24. g4 b4 0-1

[Event "Montcalm VI 2005-06"]
[Site "Quebec CAN"]
[Date "2006.04.13"]
[Round "4"]
[White "Lessard, Claude"]
[Black "Angers, Gilles"]
[Result "1/2-1/2"]
[WhiteElo "2034"]
[BlackElo "1951"]
[PlyCount "101"]
[EventDate "2006.03.23"]
[EventType "tourn"]
[EventRounds "5"]
[EventCountry "CAN"]

1. e4 e6 2. d4 d5 3. e5 c5 4. Nf3 cxd4 5. Bd3 Nc6 6. O-O Qc7 7. Re1 Bb4 8. Re2
Nge7 9. a3 Bc5 10. b4 Bb6 11. Nbd2 Ng6 12. Bxg6 hxg6 13. Nb3 a6 14. Bf4 Bd7 15.
Qd2 Rc8 16. Nc5 Bxc5 17. bxc5 Qa5 18. Qxa5 Nxa5 19. Nxd4 Rxc5 20. Bd2 Nc6 21.
Nxc6 Bxc6 22. Bb4 Rc4 23. g3 Kd7 24. Be1 Bb5 25. Rd2 Rhc8 26. Rc1 Rc3 27. Rd4
Rxc2 28. Rxc2 Rxc2 29. Kg2 Re2 30. Bc3 Rxe5 31. Rh4 Rh5 32. Rxh5 gxh5 33. Bxg7
Be2 34. f4 Kc6 35. Kf2 Bg4 36. Ke3 Kb5 37. Kd4 Ka4 38. Bf8 Kb3 39. Bc5 b6 40.
Bxb6 Kxa3 41. Kc3 Ka4 42. Bd4 Kb5 43. Be5 a5 44. Bd6 a4 45. Kd4 Bf5 46. Ba3 f6
47. Bd6 e5+ 48. fxe5 fxe5+ 49. Bxe5 Kb4 50. h3 Kb3 51. g4 1/2-1/2

[Event "Montcalm VI 2005-06"]
[Site "Quebec CAN"]
[Date "2006.04.13"]
[Round "4"]
[White "Marquardt, Christian"]
[Black "Auger, Bertrand"]
[Result "1/2-1/2"]
[WhiteElo "2036"]
[BlackElo "2018"]
[PlyCount "44"]
[EventDate "2006.03.23"]
[EventType "tourn"]
[EventRounds "5"]
[EventCountry "CAN"]

1. Nf3 Nf6 2. b4 g6 3. e3 Bg7 4. Bb2 O-O 5. Be2 d6 6. d4 c6 7. c4 a5 8. a3 axb4
9. axb4 Rxa1 10. Bxa1 Qb6 11. Qa4 Qa6 12. Nc3 Qxa4 13. Nxa4 Na6 14. b5 cxb5 15.
cxb5 Nc7 16. Nb6 Be6 17. O-O Na8 18. Nc4 Rc8 19. Nfd2 Ne4 20. Nxe4 Bxc4 21. Rc1
Nb6 22. Bxc4 Rxc4 1/2-1/2

[Event "Montcalm VI 2005-06"]
[Site "Quebec CAN"]
[Date "2006.04.20"]
[Round "5"]
[White "Angers, Gilles"]
[Black "Marquardt, Christian"]
[Result "1/2-1/2"]
[WhiteElo "1951"]
[BlackElo "2036"]
[PlyCount "37"]
[EventDate "2006.03.23"]
[EventType "tourn"]
[EventRounds "5"]
[EventCountry "CAN"]

1. e4 c6 2. d4 d5 3. e5 Bf5 4. Nf3 e6 5. Be2 Nd7 6. O-O Ne7 7. Nh4 h6 8. Nxf5
Nxf5 9. c3 Qb6 10. Nd2 c5 11. Nf3 Be7 12. Bd3 O-O 13. Bxf5 exf5 14. Qc2 Qe6 15.
dxc5 Nxc5 16. Nd4 Qxe5 17. Qxf5 Bf6 18. Qxe5 Bxe5 19. Nf3 1/2-1/2

[Event "Montcalm VI 2005-06"]
[Site "Quebec CAN"]
[Date "2006.04.20"]
[Round "5"]
[White "Auger, Bertrand"]
[Black "Berube, Antoine"]
[Result "1/2-1/2"]
[WhiteElo "2018"]
[BlackElo "2238"]
[PlyCount "26"]
[EventDate "2006.03.23"]
[EventType "tourn"]
[EventRounds "5"]
[EventCountry "CAN"]

1. Nf3 Nf6 2. g3 d5 3. Bg2 c6 4. b3 Bg4 5. O-O Nbd7 6. Bb2 e6 7. d3 Bd6 8. c4
O-O 9. Nbd2 Qe7 10. Qc2 e5 11. e4 dxe4 12. dxe4 Rfd8 13. Nh4 g6 1/2-1/2

[Event "Montcalm VI 2005-06"]
[Site "Quebec CAN"]
[Date "2006.04.20"]
[Round "5"]
[White "Cummins, Paul"]
[Black "Caron, Sebastien"]
[Result "0-1"]
[WhiteElo "1782"]
[BlackElo "1917"]
[PlyCount "88"]
[EventDate "2006.03.23"]
[EventType "tourn"]
[EventRounds "5"]
[EventCountry "CAN"]

1. e4 c5 2. Nf3 d6 3. d4 cxd4 4. Nxd4 Nf6 5. Nc3 a6 6. Bg5 e6 7. Qe2 Be7 8. f4
h6 9. Bh4 Nxe4 10. Bxe7 Nxc3 11. Qc4 Kxe7 12. Qxc3 Bd7 13. O-O-O Rg8 14. Bc4
Qc7 15. Qd3 Nc6 16. Rhe1 Nxd4 17. Qxd4 Rac8 18. Bb3 Qc5 19. Qd2 Rgd8 20. f5 e5
21. f6+ gxf6 22. Qxh6 Be6 23. Qd2 Bg4 24. Rf1 Bxd1 25. Qxd1 d5 26. Qf3 Rc6 27.
g4 Rg8 28. h3 e4 29. Re1 Re6 30. Qd1 Re5 31. h4 e3 32. Qf3 Qd4 33. Rd1 Qxg4 34.
Bxd5 Qxf3 35. Bxf3 Rg3 36. Be2 Rf5 37. Re1 Rf2 38. Kd1 f5 39. Bd3 f4 40. Be4 b6
41. Rh1 f3 42. h5 Rfg2 43. Bxf3 Rxf3 44. h6 Rfg3 0-1

[Event "Montcalm VI 2005-06"]
[Site "Quebec CAN"]
[Date "2006.04.20"]
[Round "5"]
[White "Dumont, Eric"]
[Black "Bourassa, Andre"]
[Result "0-1"]
[WhiteElo "1645"]
[BlackElo "1723"]
[PlyCount "42"]
[EventDate "2006.03.23"]
[EventType "tourn"]
[EventRounds "5"]
[EventCountry "CAN"]

1. g4 d5 2. h3 e5 3. Bg2 Bc5 4. c3 Qf6 5. d4 exd4 6. Nf3 dxc3 7. Nxc3 c6 8. O-O
Ne7 9. e4 Qd6 10. exd5 Nxd5 11. Ne4 Qe7 12. Nxc5 Qxc5 13. Re1+ Be6 14. Bg5 O-O
15. Rc1 Qa5 16. a4 h6 17. Bh4 Nf4 18. Qc2 Nxg2 19. Kxg2 Na6 20. Re5 Bd5 21. Kg3
Qc7 0-1

[Event "Montcalm VI 2005-06"]
[Site "Quebec CAN"]
[Date "2006.04.20"]
[Round "5"]
[White "Lapierre, Gaetan"]
[Black "Dion, Jean-Francois"]
[Result "1/2-1/2"]
[WhiteElo "1796"]
[BlackElo "1909"]
[PlyCount "78"]
[EventDate "2006.03.23"]
[EventType "tourn"]
[EventRounds "5"]
[EventCountry "CAN"]

1. e4 d6 2. d4 Nf6 3. Nc3 g6 4. f4 Bg7 5. Nf3 O-O 6. Bd3 c5 7. dxc5 dxc5 8. O-O
Nc6 9. h3 b6 10. e5 Ne8 11. Qe2 Bb7 12. Rd1 Qc8 13. Bc4 Nc7 14. Be3 Na5 15. Nd5
Nxd5 16. Bxd5 Rd8 17. Bxb7 Qxb7 18. Rxd8+ Rxd8 19. Rd1 Rd5 20. Rxd5 Qxd5 21.
Qd3 e6 22. b3 Bf8 23. Kf1 c4 24. Qxd5 exd5 25. Ke2 Bc5 26. Bxc5 bxc5 27. g4 h6
28. h4 Kf8 29. h5 gxh5 30. gxh5 Ke7 31. f5 cxb3 32. axb3 Nc6 33. Kd3 a5 34. c4
Nb4+ 35. Kc3 d4+ 36. Kd2 f6 37. e6 Nc6 38. Kd3 Ne5+ 39. Nxe5 fxe5 1/2-1/2

[Event "Montcalm VI 2005-06"]
[Site "Quebec CAN"]
[Date "2006.04.20"]
[Round "5"]
[White "Perreault, Jacquelin"]
[Black "L'Heureux, Clement"]
[Result "1/2-1/2"]
[WhiteElo "1812"]
[BlackElo "1930"]
[PlyCount "143"]
[EventDate "2006.03.23"]
[EventType "tourn"]
[EventRounds "5"]
[EventCountry "CAN"]

1. e4 e5 2. Nf3 Nc6 3. Bb5 a6 4. Ba4 Nf6 5. O-O Be7 6. Re1 b5 7. Bb3 d6 8. c3
O-O 9. h3 Be6 10. d4 exd4 11. cxd4 Bxb3 12. Qxb3 Na5 13. Qd3 c5 14. b3 c4 15.
bxc4 Nxc4 16. Nbd2 Nb6 17. Ba3 Re8 18. Rac1 Rc8 19. Rxc8 Qxc8 20. Rc1 Qb7 21.
d5 Nfd7 22. Nb3 Nc4 23. Nbd4 Nxa3 24. Qxa3 Nc5 25. Re1 Bf6 26. e5 Qxd5 27. exf6
Rxe1+ 28. Nxe1 Qxd4 29. fxg7 Ne4 30. Qf3 d5 31. Nc2 Qc4 32. Ne3 Qxa2 33. Nf5
Qa1+ 34. Kh2 Qe5+ 35. Kg1 Qf6 36. Qa3 Qd8 37. Qxa6 b4 38. Qb7 Nc5 39. Qxb4 Ne6
40. Qg4 Qf6 41. h4 d4 42. h5 h6 43. Qe4 Qg5 44. Qa8+ Qd8 45. Nxh6+ Kxg7 46.
Qxd8 Nxd8 47. Nf5+ Kf6 48. Nxd4 Kg5 49. f3 Kxh5 50. g4+ Kg5 51. Kf2 f6 52. Kg3
Nb7 53. Ne6+ Kg6 54. f4 Nd6 55. Kf3 Nc4 56. Ke4 Kf7 57. Nd8+ Ke7 58. Nc6+ Kd6
59. Nd4 Nb2 60. Kf5 Ke7 61. Nc6+ Kf7 62. g5 fxg5 63. fxg5 Nc4 64. Nd8+ Ke7 65.
g6 Nd6+ 66. Kg5 Ne8 67. Nf7 Kf8 68. Kh6 Kg8 69. Ng5 Kh8 70. Ne4 Kg8 71. Kg5 Kg7
72. Nc5 1/2-1/2

[Event "Montcalm VII 2005-06"]
[Site "Quebec CAN"]
[Date "2006.04.27"]
[Round "1"]
[White "Boulianne, Gabriel"]
[Black "Potvin, Alain-Nicolas"]
[Result "1/2-1/2"]
[WhiteElo "1517"]
[BlackElo "1818"]
[PlyCount "101"]
[EventDate "2006.04.27"]
[EventType "swiss"]
[EventRounds "5"]
[EventCountry "CAN"]

1. d4 Nf6 2. c4 g6 3. Nc3 Bg7 4. e4 d6 5. f3 O-O 6. Be3 e5 7. d5 Nh5 8. g4 Nf4
9. h4 f5 10. gxf5 gxf5 11. Qd2 Nh5 12. Bg5 Qe8 13. Qg2 Kh8 14. Nge2 Na6 15.
O-O-O Nc5 16. Kb1 Qf7 17. Be3 b6 18. Qh2 a5 19. Bh3 a4 20. Bd2 a3 21. b3 Nd3
22. Rdg1 Qf6 23. Bf1 Nhf4 24. Nxf4 Nxf4 25. h5 Bh6 26. Kc2 Bd7 27. Bd3 Rg8 28.
Rxg8+ Rxg8 29. Rg1 Rxg1 30. Qxg1 fxe4 31. fxe4 Nxd3 32. Kxd3 Bxd2 33. Kxd2 Qf4+
34. Kc2 Be8 35. Qd1 h6 36. Qh1 Qg4 37. Qd1 Qh4 38. Qf3 Bxh5 39. Qf8+ Kh7 40.
Qf5+ Bg6 41. Qd7+ Kg8 42. Qc8+ Kg7 43. Qd7+ Bf7 44. Qxc7 Qf2+ 45. Kd3 Qd4+ 46.
Kc2 h5 47. Qxd6 h4 48. Qe7 Qf2+ 49. Kd3 Qd4+ 50. Kc2 Qf2+ 51. Kd3 1/2-1/2

[Event "Montcalm VII 2005-06"]
[Site "Quebec CAN"]
[Date "2006.04.27"]
[Round "1"]
[White "Cournoyer, Dominic"]
[Black "Pelletier, Daniel"]
[Result "1-0"]
[WhiteElo "1762"]
[BlackElo "1252"]
[PlyCount "67"]
[EventDate "2006.04.27"]
[EventType "swiss"]
[EventRounds "5"]
[EventCountry "CAN"]

1. c4 d5 2. cxd5 Nf6 3. e4 e6 4. dxe6 Bxe6 5. Nc3 Qd4 6. Nf3 Qb6 7. Be2 Be7 8.
O-O O-O 9. d4 Bg4 10. Rb1 Nbd7 11. h3 Bxf3 12. Bxf3 Rad8 13. e5 Nxe5 14. Be3 c5
15. d5 Rd7 16. b4 Qc7 17. bxc5 Bxc5 18. Nb5 Qb6 19. Bg5 a6 20. Nc3 Qd6 21. Be4
Ba7 22. Bf5 Bb8 23. f4 Rc7 24. fxe5 Qc5+ 25. Kh1 Qxc3 26. exf6 Qg3 27. Bf4 Qh4
28. Qg4 Qxg4 29. Bxg4 Rc5 30. Bxb8 Rxb8 31. d6 b5 32. d7 Rd8 33. Rfe1 gxf6 34.
Re8+ 1-0

[Event "Montcalm VII 2005-06"]
[Site "Quebec CAN"]
[Date "2006.04.27"]
[Round "1"]
[White "Lapierre, Gaetan"]
[Black "Marois, Remi"]
[Result "1-0"]
[WhiteElo "1800"]
[BlackElo "1476"]
[PlyCount "115"]
[EventDate "2006.04.27"]
[EventType "swiss"]
[EventRounds "5"]
[EventCountry "CAN"]

1. e4 c5 2. Nc3 d6 3. g3 Nc6 4. Bg2 g6 5. d3 Bg7 6. Nf3 e6 7. O-O Nge7 8. Be3
O-O 9. Qd2 Re8 10. h3 Rb8 11. Nh2 b5 12. Ng4 b4 13. Nd1 Qc7 14. Bg5 Kh8 15. Bf6
Ng8 16. Bxg7+ Kxg7 17. f4 Kf8 18. Nge3 Ke7 19. f5 Kd8 20. g4 Qe7 21. c3 a5 22.
d4 cxd4 23. cxd4 Bd7 24. Nc4 gxf5 25. gxf5 exf5 26. exf5 Qf6 27. Nde3 Qxd4 28.
Qf2 Nf6 29. Rad1 Qc5 30. Kh1 Ne5 31. Nxd6 Re7 32. Nb7+ Rxb7 33. Bxb7 Nc6 34.
Ng4 Qxf2 35. Rxf2 Nxg4 36. hxg4 Kc7 37. Bxc6 Bxc6+ 38. Kh2 Re4 39. Rc2 Rxg4 40.
Rdc1 Rh4+ 41. Kg3 Rh6 42. Rh2 Rxh2 43. Kxh2 Kd6 44. Kg3 Bd5 45. a3 bxa3 46.
bxa3 a4 47. Kf4 h5 48. Rc3 h4 49. Rh3 Ke7 50. Ke5 Bb3 51. Rxh4 Kd7 52. Kf6 Ke8
53. Re4+ Kf8 54. Rb4 Ke8 55. Rb8+ Kd7 56. Rf8 Kc6 57. Rxf7 Bxf7 58. Kxf7 1-0

[Event "Montcalm VII 2005-06"]
[Site "Quebec CAN"]
[Date "2006.04.27"]
[Round "1"]
[White "Oliver, Vance"]
[Black "Cummins, Paul"]
[Result "0-1"]
[WhiteElo "1392"]
[BlackElo "1786"]
[PlyCount "76"]
[EventDate "2006.04.27"]
[EventType "swiss"]
[EventRounds "5"]
[EventCountry "CAN"]

1. Nf3 d6 2. g3 e5 3. d3 Nc6 4. Bg2 Nd4 5. Nxd4 exd4 6. c3 dxc3 7. Nxc3 c6 8.
O-O Be7 9. Re1 Nf6 10. e4 O-O 11. Bf4 Ng4 12. d4 Bg5 13. Qd2 Bxf4 14. Qxf4 f5
15. e5 d5 16. Rad1 Qe7 17. Rd3 g5 18. Qd2 f4 19. h3 Nh6 20. Ne2 f3 21. Rxf3
Rxf3 22. Bxf3 Bxh3 23. Kh2 Bf5 24. g4 Bxg4 25. Ng1 Rf8 26. Bxg4 Nxg4+ 27. Kg3
Nh6 28. Nh3 Nf5+ 29. Kh2 g4 30. Qg5+ Qxg5 31. Nxg5 Nxd4 32. Kg3 h6 33. Rd1 Ne2+
34. Kxg4 hxg5 35. Kxg5 Rxf2 36. Rh1 Kg7 37. e6 Rg2+ 38. Kf5 Ng3+ 0-1

[Event "Montcalm VII 2005-06"]
[Site "Quebec CAN"]
[Date "2006.05.03"]
[Round "2"]
[White "Audet-Bouchard, Nicolas"]
[Black "Dumont, Eric"]
[Result "1-0"]
[WhiteElo "2192"]
[BlackElo "1580"]
[PlyCount "42"]
[EventDate "2006.04.27"]
[EventType "swiss"]
[EventRounds "5"]
[EventCountry "CAN"]

1. e4 e5 2. f4 d5 3. exd5 e4 4. d3 Nf6 5. dxe4 Nxe4 6. Nf3 Bc5 7. Qe2 Bf2+ 8.
Kd1 Qxd5+ 9. Nfd2 Bf5 10. Nc3 Qd4 11. Ncxe4 Be3 12. Qb5+ Nd7 13. Qxf5 O-O-O 14.
c3 Qa4+ 15. b3 Qc6 16. Kc2 a6 17. Bc4 Kb8 18. Bd5 Qb5 19. a4 Qe2 20. Ng3 g6 21.
Nxe2 gxf5 1-0